| 000 | 00854nam0a22002531 4500 | ||
|---|---|---|---|
| 001 | rc\3034469 | ||
| 005 | 20250806201740.0 | ||
| 035 | _a(NLR Aleph) 007175174 | ||
| 090 |
_a14479 _c14479 |
||
| 100 | _a20111003d1941 u y0rusy50 ca | ||
| 101 | 0 | _arus | |
| 102 | _aRU | ||
| 105 | _aa z ||||| | ||
| 200 | 1 |
_aИнкубация шелковичной грены _fУзб. гос. трест по шелководству "Узбекшелктрест" |
|
| 210 |
_aТашкент _cУзгиз _d1941 |
||
| 215 |
_a40 с. _cил., черт. _d22 см |
||
| 700 | 1 |
_aСуханов _bА.А. _gАлександр Александрович |
|
| 801 | 0 |
_aRU _bNLR _gpsbo |
|
| 801 | 1 |
_aRU _bELAR _2rusmarc |
|
| 852 |
_aNLR _bС _j90 Г-6/9 |
||
| 942 | _cBOOK | ||
| 945 | _aРоссийская национальная библиотека | ||
| 980 | _aNB | ||
| 980 | _aBV | ||